书目信息 |
| 题名: |
强身健体手振运动
|
|
| 作者: | 马开敏 编著 | |
| 分册: | ||
| 出版信息: | 北京 人民卫生出版社 2005 |
|
| 页数: | 68页 | |
| 开本: | 21cm | |
| 丛书名: | ||
| 单 册: | ||
| 中图分类: | R161.1 | |
| 科图分类: | ||
| 主题词: | 手--保健操 , 手 , 保健操 | |
| 电子资源: | ||
| ISBN: | 7-117-07097-8 | |
| 000 | 00758nam0 2200241 450 | |
| 001 | 003008782 | |
| 005 | 20061107103053.70 | |
| 010 | @a7-117-07097-8@dCNY12.00 | |
| 100 | @a20050628d2005 em y0chiy0110 ea | |
| 101 | 0 | @achi |
| 102 | @aCN@b110000 | |
| 105 | @aa z 000yy | |
| 200 | 1 | @a强身健体手振运动@9qiang shen jian ti shou zhen yun dong@f马开敏编著 |
| 210 | @a北京@c人民卫生出版社@d2005 | |
| 215 | @a68页@c图@d21cm | |
| 330 | @a本书介绍了手振运动遵循的中医理论,指导人们按照经络、穴位原理有计划、有规律地进行震动,达到强身保健、防病治病的目的的方法。 | |
| 606 | 0 | @a手@x保健操 |
| 606 | 0 | @a手 |
| 606 | 0 | @a保健操 |
| 690 | @aR161.1@v4 | |
| 701 | 0 | @a马开敏@9ma kai min@c(医生)@4编著 |
| 801 | 0 | @aCN@bNLC@c20061107 |
| 905 | @a10447@dR161.1@e109 | |
| 强身健体手振运动/马开敏编著.-北京:人民卫生出版社,2005 |
| 68页:图;21cm |
| ISBN 7-117-07097-8:CNY12.00 |
| 本书介绍了手振运动遵循的中医理论,指导人们按照经络、穴位原理有计划、有规律地进行震动,达到强身保健、防病治病的目的的方法。 |
| ● |
| 相关链接 |
|
|
|
|
正题名:强身健体手振运动
索取号:R161.1/109
 
预约/预借
| 序号 | 登录号 | 条形码 | 馆藏地/架位号 | 状态 | 备注 |
| 1 | 0382351 | 203823513 | 第二样本阅览室/ [索取号:R161.1/109] | 在馆 | |
| 2 | 0382352 | 203823522 | 第三借阅区/ [索取号:R161.1/109] | 在馆 | |
| 3 | 0382353 | 203823531 | 第三借阅区/ [索取号:R161.1/109] | 在馆 | |
| 4 | 0382354 | 203823540 | 第三借阅区/ [索取号:R161.1/109] | 在馆 | |
| 5 | 0382355 | 203823559 | 第三借阅区/ [索取号:R161.1/109] | 在馆 |